| 000 | 00000nam##2200000za#4500 |
| 001 | 9.572644 |
| 003 | CaOODSP |
| 005 | 20210624183321 |
| 007 | cr ||||||||||| |
| 008 | 150406|2006||||xxc|||||o f|0| 0 eng|d |
| 022 | |a1701-1280 |
| 040 | |aCaOODSP|beng |
| 043 | |an-cn--- |
| 086 | 1 |aFs70-4/2006-003E-PDF |
| 110 | 1 |aCanada. |bDepartment of Fisheries and Oceans. |
| 245 | 10|aAquatic monitoring in Canada : |h[electronic resource]|ba report from the DFO Science Monitoring Implementation Team / |c[by] Michael Chadwick. |
| 260 | |aMoncton - New Brunswick : |bFisheries and Oceans Canada |cMay 2006. |
| 300 | |a54p.|bfig., graphs, tables |
| 490 | 1 |aCanadian Science Advisory Secretariat proceedings series|x1701-1280|v2006/003 |
| 590 | |a11-31-Supp|b2011-12-13 |
| 720 | 1 |aChadwick, Michael |
| 775 | 08|tSurveillance aquatique au Canada |w(CaOODSP)9.602986 |
| 830 | #0|aProceedings series (Canadian Science Advisory Secretariat)|x1701-1280|v2006/003|w(CaOODSP)9.506483 |
| 856 | 40|ahttp://publications.gc.ca|qPDF|s548 KB|uhttps://publications.gc.ca/collections/collection_2011/mpo-dfo/Fs70-4-2006-003-eng.pdf|y2006/003 |